[Event "IND-ch U25"]
[Site "Calicut"]
[Date "2013.10.03"]
[Round "2"]
[White "Ruthra, Kumar M"]
[Black "Yogit, S."]
[Result "1/2-1/2"]
[WhiteElo "1514"]
[BlackElo "2024"]
[PlyCount "128"]
[EventDate "2013.10.02"]
[EventType "swiss"]
[EventRounds "9"]
[EventCountry "IND"]
[SourceTitle "EXT 2014"]
[Source "ChessBase"]
[SourceDate "2013.11.20"]
[SourceVersion "1"]
[SourceVersionDate "2013.11.20"]
[SourceQuality "1"]

1. e4 c5 2. Nf3 d6 3. d4 cxd4 4. Nxd4 Nf6 5. Nc3 g6 6. f3 Bg7 7. Be3 0-0 8. Qd2 Nc6 9. Bc4 Bd7 10. 0-0-0 Rb8 11. Nxc6 Bxc6 12. Bxa7 Ra8 13. Be3 b5 14. Nxb5 Bxb5 15. Bxb5 Qb8 16. Qd3 Rxa2 17. c3 Qb7 18. Kb1 Ra5 19. c4 Rfa8 20. Bd2 Ra2 21. Bc3 Qa7 22. Kc2 Nh5 23. Bxg7 Nxg7 24. Qd4 Qc7 25. Rd3 Ne6 26. Qe3 Nc5 27. Rc3 e5 28. Rb1 Ne6 29. Kd1 Nd4 30. Ke1 Qa5 31. Kf1 Qb4 32. Qd2 Ra1 33. Qd1 Qxb2 34. Rxb2 Rxd1+ 35. Kf2 h5 36. Bd7 h4 37. c5 dxc5 38. Rxc5 Rd8 39. Rc8 Rxc8 40. Bxc8 Rh1 41. Bh3 Rxh2 42. Rb1 Kg7 43. Bc8 h3 44. Bxh3 f5 45. Kg3 Rxh3+ 46. gxh3 Kf6 47. Rb6+ Kg5 48. Kf2 Kh5 49. Rb8 Kh4 50. exf5 Nxf5 51. Re8 Kxh3 52. Rxe5 Kh4 53. Re4+ Kg5 54. Ra4 Kf6 55. f4 Ng7 56. Ra6+ Kf5 57. Kf3 Ne6 58. Ra5+ Kf6 59. Kg4 Nd4 60. Ra6+ Kf7 61. Kg3 Ne6 62. Kf3 Ke7 63. Ra7+ Kf6 64. Ke4 Nc5+ 1/2-1/2